Les critiques de la société de consommation: ou en est-on aujourd'hui?

Kritika konzumnej spoločnosti - stará tradícia. Reklama ako sociálna obava, ako prostriedok najväčšieho vplyvu. Ako ospravedlniť úlohu reklamy? Prehľad kritiky konzumnej spoločnosti. Interná kritika. Kritika puritánov. Kritika kvakerov. Kritika republikánov. Vonkajšia kritika. Aristokratická kritika...

Ausführliche Beschreibung

Gespeichert in:
Bibliographische Detailangaben
1. Verfasser: Schudson, M.
Format: Buchkapitel
Sprache:Französisch
Schlagworte:
Tags: Tag hinzufügen
Keine Tags, Fügen Sie das erste Tag hinzu!

MARC

LEADER 00000naa a2200000 4500
001 r013542
005 20221213085345.7
041 0 |a fre 
044 |a FR 
245 1 0 |a Les critiques de la société de consommation: ou en est-on aujourd'hui?  |c M. Schudson 
520 |a Kritika konzumnej spoločnosti - stará tradícia. Reklama ako sociálna obava, ako prostriedok najväčšieho vplyvu. Ako ospravedlniť úlohu reklamy? Prehľad kritiky konzumnej spoločnosti. Interná kritika. Kritika puritánov. Kritika kvakerov. Kritika republikánov. Vonkajšia kritika. Aristokratická kritika. Možno definovať normu spotreby? Spotreba a reklama. Závery. (The American Prospect, jan. 1991.). 
610 2 0 |a spoločnosť konzumná 
610 2 0 |a kritika 
610 2 0 |a spotreba 
610 2 0 |a reklama 
610 2 0 |a východná Európa 
610 2 0 |a svet 
610 2 0 |a kultúra 
610 2 0 |a etika 
100 1 |a Schudson, M.